Modern Day Countries that would border Yugoslavia - Map Quiz - Statistics

General Stats
  • This quiz has been taken 667 times
  • The average score is 7 of 7
Answers on the Map
Answers color-coded by a green-red scale on the quiz's map according to % correct below.
 
Answer Stats
Answer % Correct
Austria
97%
Greece
97%
Italy
97%
Albania
96%
Bulgaria
96%
Hungary
96%
Romania
95%
No matching quizzes found
Score Distribution
Percent of People with Each Score
Percentile by Number Answered
Your Score History
You have not taken this quiz